000 00687nam a2200205Ii 4500
003 JO-AjNU
008 230605s9999||||xx |||||||||||||| ||und||
040 _aJO-AjNU
_bara
_erda
_cJO-AjNU
041 _aara
050 1 4 _aB798 2009
100 3 _aكيرني، ريتشارد؛ ترجمة سمير مندي,
_eauthor
_950543
245 0 0 _aدوائر الهيرمينوطيقا عن بول ريكور
250 _aط1
264 3 1 _aعمان: أزمنة للنشر والتوزيع، 2009
300 _a185ص
336 _atext
_btxt
_2rdacontent
337 _aunmediated
_bn
_2rdamedia
338 _avolume
_bnc
_2rdacarrier
650 4 _aالهيرمينوطيقا - فلسفة
_950544
999 _aA22271
_c25839
_d25839